000 004400000a22001810004500
003 MACL
005 20160122153735.0
008 160122b xxu||||| |||| 00| 0 eng d
040 _aMACL
_cMACL
041 _aEnglish
082 _a342.095/
100 _aEastern Book Co.
_925940
245 _aThe Constitution of India
260 _bEastern Book Co.
_c1999
_aLucknow
350 _a100
650 _aLaw
_934125
942 _cBK
_k342/Eas
_2ddc
999 _c32069
_d32069